| 000 | 01258nam a22002417a 4500 | ||
|---|---|---|---|
| 001 | 1454 | ||
| 005 | 20230825104839.0 | ||
| 008 | 230825b cb ||||| |||| 00| 0 eng d | ||
| 020 | _a9781408323601 | ||
| 040 |
_aFISKH _beng |
||
| 082 | _a823.92 | ||
| 100 | _aMeres, Jonathan | ||
| 245 |
_aThe world of norm may produce gas / _cJonathan Meres |
||
| 250 | _aThis edition published in 2016 by The Watts Publishing Group | ||
| 260 |
_aLondon : _bOrchard, _c2012 |
||
| 300 |
_a275 pages, 12 unnumbered pages : _billustrations ; _c20 cm |
||
| 490 | _aThe World of Norm | ||
| 505 | _aH | ||
| 520 | _aNorm knew it was going to be one of those days when he got blamed for global warming. And that's just the tip of the iceberg... It seems like the whole world has gone mad. His dad's obsessed with gas, his best friend has come down with a case of hormones and his brother is in dire need of deodorant. Looks like there's going to be quite a stink. Is life still unfair for Norm ABSO-FLIPPING-LUTELY! Jonathan Meres follows up May Contain Nuts and May Cause Irritation with another laugh-out-loud story about Norm, a boy who can't understand why everything always seems unfair... | ||
| 521 |
_a490
_bLexile |
||
| 521 |
_aH
_bRaz-Plus |
||
| 942 |
_2ddc _cBK _n0 |
||
| 999 |
_c1454 _d1454 |
||